ASOIAF: Point of View Characters Logic Puzzle Quiz Stats

 Plays Quiz Updated Oct 21, 2017

Support Sporcle.
Go Orange.
Score 0/25 Timer 20:00
0 Plays Today
Hint % Correct
A1






???
100%
A5






???
70.9%
E1






???
60.3%
C1






???
54.3%
B1






???
50.4%
D1






???
46.6%
C2






???
41.2%
D2






???
40.5%
B2






???
37.6%
A3






???
31.4%
C4






???
24%
D3






???
21.3%
E4






???
19.2%
Hint % Correct
C3






???
15.3%
A4






???
14.8%
C5






???
13.5%
B4






???
13.2%
E3






???
11.7%
E5






???
11.6%
A2






???
10.1%
E2






???
9.5%
D4






???
8.4%
D5






???
7.5%
B5






???
5.1%
B3






???
5.1%

From the Vault

Jay-Z Solo Albums

by alyricz

Music 5m
Sometimes you just have to go it alone, you know?
Remove Ads.
Support Sporcle.
Get the best of Sporcle when you Go Orange. This ad-free experience offers more features, more stats, and more fun while also helping to support Sporcle. Thank you for becoming a member.

Show Comments

Extras

Top Quizzes Today


Score Distribution

Your Account Isn't Verified!

In order to create a playlist on Sporcle, you need to verify the email address you used during registration. Go to your Sporcle Settings to finish the process.

Report this User

Report this user for behavior that violates our Community Guidelines.

Details: